| 000 | 00612nam a2200205 a 4500 | ||
|---|---|---|---|
| 005 | 20140412111424.0 | ||
| 008 | 080201s19uu xx 00 eng d | ||
| 020 | _a0-516-25116-3 | ||
| 050 |
_aTR(PS E _bWa13 2004 |
||
| 100 | _aGerver, Jane | ||
| 245 |
_aWait for me! / _cJane E. Gerver. |
||
| 260 |
_aNew York : _bChildren's press, _c2004. |
||
| 300 | _a31p. | ||
| 440 | _aMy first reader | ||
| 520 | _aNo one will wait for a little boy who is always late until he finds a friend who is late too. | ||
| 650 |
_aPunctuality _xFiction |
||
| 650 | _aStories in rhyme | ||
| 999 |
_c106174 _d106174 |
||